000
00316nam a22001457a 4500
005
20220127140424.0
008
020426d1999 us a r 00110 spa d
010
_a
85660
011
_a
86632
035
_a
97171
245
0
_c
/por
260
_c
19
590
_a
CONVERSION
_b
10
_c
20130109
_l
UCH01
_h
1348
901
_a
BK
999
_c
85660
_d
85660